LIBRARY & INFORMATION CENTRE, KCAET, TAVANUR

ONLINE PUBLIC ACCESS CATALOGUE (OPAC)

FORTRAN programming / (Record no. 9684)

MARC details
000 -LEADER
fixed length control field 00511cam a2200217ua 4500
041 ## - LANGUAGE CODE
Language code of text/sound track or separate title eng
082 ## - DEWEY DECIMAL CLASSIFICATION NUMBER
Classification number 005.133
Item number JAI/FO
100 ## - MAIN ENTRY--AUTHOR NAME
Personal name Jain, A K.
245 ## - TITLE STATEMENT
Title FORTRAN programming /
250 ## - EDITION STATEMENT
Edition statement 2 /
260 ## - PUBLICATION, DISTRIBUTION, ETC. (IMPRINT)
Place of publication Roorkee :
Name of publisher Nem Chand And Bros ,
Year of publication 1984.
300 ## - PHYSICAL DESCRIPTION
Number of Pages 312 ; .
700 1# - ADDED ENTRY--PERSONAL NAME
Personal name Keshavarao, M N .
942 ## - ADDED ENTRY ELEMENTS (KOHA)
Koha item type Books
Holdings
Withdrawn status Lost status Damaged status Home library Current library Date acquired Full call number Accession Number Koha item type
      KAUAET KAUAET 15/12/1988 005.133 16485 Books
      KAUAET KAUAET 20/08/1986 005.133 15448 Books
      KAUAET KAUAET 15/12/1988 005.133 16483 Books
free website counter